PRACTICAL WELL BORE HYDRAULICS AND HOLE CLEANING / (Record no. 588921)
[ view plain ]
| 000 -LEADER | |
|---|---|
| fixed length control field | 00334nam a22001337a 4500 |
| 020 ## - INTERNATIONAL STANDARD BOOK NUMBER | |
| Qualifying information | HB. |
| 040 ## - CATALOGING SOURCE | |
| Transcribing agency | FIZZA ISHAQ |
| 082 ## - DEWEY DECIMAL CLASSIFICATION NUMBER | |
| Classification number | 622.381 |
| Author Mark | MAR |
| 100 ## - MAIN ENTRY--PERSONAL NAME | |
| Personal name | RAMSEY,MARK. |
| 9 (RLIN) | 30470 |
| 245 ## - TITLE STATEMENT | |
| Title | PRACTICAL WELL BORE HYDRAULICS AND HOLE CLEANING / |
| Statement of responsibility, etc. | MARK RAMSEY. |
| 260 ## - PUBLICATION, DISTRIBUTION, ETC. | |
| Place of publication, distribution, etc. | ELSEVIER ; |
| Date of publication, distribution, etc. | 2019. |
| 300 ## - PHYSICAL DESCRIPTION | |
| Extent | 310 P. ; |
| 942 ## - ADDED ENTRY ELEMENTS (KOHA) | |
| Source of classification or shelving scheme | |
| Koha item type | Book |
| Withdrawn status | Lost status | Source of classification or shelving scheme | Damaged status | Not for loan | Permanent Location | Current Location | Date acquired | Total Checkouts | Full call number | Barcode | Date last seen | Price effective from | Koha item type |
|---|---|---|---|---|---|---|---|---|---|---|---|---|---|
| NUST Baluchistan Campus (NBC) | NUST Baluchistan Campus (NBC) | 03/28/2022 | 622.381 MAR | Q-3140 | 03/28/2022 | 03/28/2022 | Book |
